000 00626cam a22002293a 4500
001 19114
003 PGUSA
005 20140828083415.0
008 060825s2006||||xxu|||||s|||||000 1 eng d
040 _aPGUSA
_beng
042 _adc
050 4 _aPR
100 1 _aQuiller-Couch, Arthur,
_d1863-1944
245 1 0 _aFoe-Farrell
_h[electronic resource] /
_cArthur Quiller-Couch
260 _bProject Gutenberg,
_c2006
506 _aPublic domain in the USA.
516 _aElectronic text
653 _aHate -- Fiction
830 0 _aProject Gutenberg
_v19114
856 4 0 _uhttp://www.gutenberg.org/ebooks/19114
942 _cEB
999 _c248369
_d248369